[Event "Barcelona Sant Marti op-B 22nd"]
[Site "Barcelona"]
[Date "2022.07.18"]
[Round "6"]
[White "Garcia Mosquera, Eduardo"]
[Black "Blomart, Alain"]
[Result "1-0"]
[WhiteElo "1375"]
[BlackElo "1552"]
[PlyCount "85"]
[EventDate "2022.07.13"]
[EventType "swiss"]
[EventRounds "9"]
[EventCountry "ESP"]
[SourceTitle "CBM 210 Extra"]
[Source "ChessBase"]
[SourceDate "2022.11.30"]
[SourceVersion "1"]
[SourceVersionDate "2022.11.30"]
[SourceQuality "1"]

1. b4 e6 2. Bb2 Nf6 3. a3 d5 4. e3 Bd6 5. Nf3 Nbd7 6. d4 0-0 7. Bd3 Re8 8. 0-0 e5 9. dxe5 Nxe5 10. h3 Nxf3+ 11. Qxf3 Be5 12. c3 b6 13. Nd2 Bb7 14. Qe2 a6 15. Nf3 Bd6 16. Rfe1 c5 17. bxc5 bxc5 18. c4 d4 19. e4 Be5 20. Qd2 Qc7 21. Nxe5 Nxe4 22. Bxe4 Bxe4 23. Rxe4 Rxe5 24. Rae1 Rae8 25. Qf4 f6 26. Bc1 Qb7 27. f3 Qb8 28. Kf2 Kf7 29. Qg3 a5 30. Bf4 Qb2+ 31. R1e2 Qxa3 32. Bxe5 fxe5 33. Rxe5 Rxe5 34. Qxe5 Kg6 35. Qe6+ Kh5 36. Re5+ g5 37. Qg4+ Kg6 38. Qxg5+ Kf7 39. Qf5+ Kg7 40. Re7+ Kh6 41. Re6+ Kg7 42. Qf6+ Kg8 43. Re8# 1-0

[Event "Foment Martinenc op-C 22nd"]
[Site "Barcelona"]
[Date "2022.04.30"]
[Round "2"]
[White "Kolev Cortes, Kristian"]
[Black "Garcia Mosquera, Eduardo"]
[Result "0-1"]
[WhiteElo "1404"]
[BlackElo "1621"]
[PlyCount "24"]
[EventDate "2022.04.23"]
[EventType "swiss"]
[EventRounds "9"]
[EventCountry "ESP"]
[SourceTitle "EXT 2023"]
[Source "ChessBase"]
[SourceDate "2022.10.05"]
[SourceVersion "1"]
[SourceVersionDate "2022.10.05"]
[SourceQuality "1"]

1. d4 d5 2. Nf3 Bf5 3. Bf4 e6 4. Nc3 Nc6 5. Nb5 Bd6 6. Bxd6 cxd6 7. e3 Nf6 8. Bd3 a6 9. Na3 Be4 10. Bxe4 Nxe4 11. Nd2 Qh4 12. g3 Qf6 0-1